Otázky hluku z oblasti životného prostredia seminár

Uložené v:
Podrobná bibliografia
Médium: Kniha
Jazyk:Slovak
Vydavateľské údaje: Bratislava Dom techniky ČSVTS 1983
Tagy: Pridať tag
Žiadne tagy, Buďte prvý, kto otaguje tento záznam!

MARC

LEADER 00000nam a2200000 4500
001 c116313
005 20041019155204.3
041 0 |a slo 
044 |a SK 
245 1 0 |a Otázky hluku z oblasti životného prostredia  |b seminár 
264 1 |a Bratislava  |b Dom techniky ČSVTS  |c 1983 
300 |a 107 s.